00405nam a2200145Ia 4500008004100000020001500041050001500056100002600071245002000097245005700117245004000174260002000214260000900234300001600243160319s9999 xx 000 0 und d a9717910693 bM277i 1999 aMangahas, Rogelio G.  aIbong Adarna :  bmay introduksyon, buod, at mga tulong sa pag-aaral / cRogelio Mangahas, Mike L. Bigornia. bSIBS Pub. House c1999 a301 pages :